Directors of the Federal Bureau of Investigation - Statistics

General Stats
  • This quiz has been taken 4 times
  • The average score is 3 of 6
Answer Stats
Years Served Director % Correct
2025 - Present Kashyap Pramod Patel
100%
2013 - 2017 James Comey
67%
1993 - 2001 Louis Freeh
67%
2017 - 2025 Christopher A. Wray
33%
2001 - 2013 Robert Mueller
33%
1987 - 1993 William S. Sessions
33%
No matching quizzes found
Score Distribution
Percent of People with Each Score
Percentile by Number Answered
Your Score History
You have not taken this quiz